Miasta Polski których nazwy zaczynają się literą A - Statystyki

Ogólne statystyki
  • Ten quiz został rozwiązany 33 razy
  • Średni wynik to 3 z 6
Statystyki odpowiedzi
Województwo Miasto % Poprawnych
Podlaskie Augustów
81%
Małopolskie Andrychów
65%
Łódzkie Aleksandrów Łódzki
58%
Kujawsko-pomorskie Aleksandrów Kujawski
48%
Lubelskie Annopol
48%
Małopolskie Alwernia
42%
Nie znaleziono quizów pasujących do podanych kryteriów
Rozkład punktacji
Procent ludzi z każdym wynikiem
Percentyl według liczby udzielonych odpowiedzi
Twoja historia wyników
Nie rozwiązałeś tego quizu